000 00204nam a2200085 4500
001 1258497
005 20260311135110.0
245 _aKÖPEK ADAM TASMASINDAN KURTULUYOR
_cDAV PİLKEY
260 _bALTIN KİTAPLAR
999 _c1258497
_d1258497